ՀՀ Գիտությունների ազգային ակադեմիայի հիմնարար գիտական գրադարան  =   Fundamental Scientific Library of NAS RA

Զէնքերը վա՛ր : (Record no. 535527)

MARC details
000 -LEADER
fixed length control field 00979nam a2200217 a 4500
001 - CONTROL NUMBER
control field 196668
003 - CONTROL NUMBER IDENTIFIER
control field AM-YeHGA
005 - DATE AND TIME OF LATEST TRANSACTION
control field 20251016093410.0
008 - FIXED-LENGTH DATA ELEMENTS--GENERAL INFORMATION
fixed length control field 030617s1916 mauc|||gr|||||000|1barm|d
040 ## - CATALOGING SOURCE
Original cataloging agency AM-YeHGA
041 1# - LANGUAGE CODE
Language code of text/sound track or separate title arm
100 1# - MAIN ENTRY--PERSONAL NAME
Personal name Զուտնէր, Բերթա ֆօն
245 10 - TITLE STATEMENT
Title Զէնքերը վա՛ր :
Remainder of title Ինքնակենսագրութիւն Մարթա Ֆօն Տիլլինգի /
Statement of responsibility, etc. Բերթա ֆօն Զուտնէր ; Թարգմանեց՝ Մ. Համբարձումեան.
260 ## - PUBLICATION, DISTRIBUTION, ETC.
Place of publication, distribution, etc. Բօստօն :
Name of publisher, distributor, etc. տպ. «Հայրենիք»,
Date of publication, distribution, etc. 1916.
300 ## - PHYSICAL DESCRIPTION
Extent հատոր
500 ## - GENERAL NOTE
General note Նւիրւած թրքահայ նահատակ մտաւորականութեան անմահ յիշատակին (Հտ. Բ.)։
505 10 - FORMATTED CONTENTS NOTE
Miscellaneous information Հ. Ա (1916 ; 319 էջ)
-- Հ. Բ (1916, 321-665 էջ ; 1 թերթ դիմանկար)
650 14 - SUBJECT ADDED ENTRY--TOPICAL TERM
Topical term or geographic name entry element Գերմանական գրականություն
9 (RLIN) 5149
700 1# - ADDED ENTRY--PERSONAL NAME
Personal name Համբարձումեան, Մ.
Relator term թարգմանիչ
Relationship trl
942 ## - ADDED ENTRY ELEMENTS (KOHA)
Source of classification or shelving scheme Universal Decimal Classification
Koha item type Գրքեր / Books
Holdings
Withdrawn status Lost status Source of classification or shelving scheme Damaged status Not for loan Collection Home library Current library Date acquired Serial enumeration / chronology Total checkouts Full call number Barcode Date last seen Price effective from Koha item type Public note
    Universal Decimal Classification     Zhamkochyan Individual collection Fundamental Scientific Library Fundamental Scientific Library 26/06/2025 Հ. Ա, Բ   Ժամ/802 FL0693237 26/06/2025 26/06/2025 Գրքեր / Books ILL Non-Circ.


ՀՀ ԳԱԱ հիմնարար գիտական գրադարան
ՀՀ,Երևան 0019
Մարշալ Բաղրամյան 24/6
հեռախոս:(374-10) 52-47-50
Հետադարձ կապ

All site content, except where otherwise noted, is licensed under a
Creative Commons License